Statystyki dla Polskie piosenki po obrazku

Kliknij tutaj aby rozwiązać quiz!

Ogólne statystyki

  • Ten quiz został rozwiązany 708 razy
  • Średni wynik to 12 z 20

Statystyki odpowiedzi

Odpowiedź% Poprawnych
Czerwone Korale
96%
Whisky
88%
Biała Flaga
87%
Warszawa
81%
Parostatek
80%
Konik na Biegunach
78%
Pieprz i Sól
78%
Małgośka
73%
Ściernisko
62%
Orła Cień
59%
Takie Tango
59%
Zostawcie Titanica
54%
Dzieci wybiegły
50%
Kocham Cię jak Irlandię
47%
Zacznij od Bacha
46%
Kwiaty we Włosach
41%
Supermenka
38%
Zegar
34%
Znak pokoju
22%
Na Falochronie
13%

Rozkład punktacji

Percentyl według liczby udzielonych odpowiedzi

Procent ludzi z każdym wynikiem

Twoja historia wyników

Nie rozwiązałeś tego quizu